Movies Quiz

Random Movies or Director Quiz

Famous 'Directed By' Screen Credits II Quiz Stats

Quiz Updated Oct 27, 2015

Challenge
Share
Tweet
Score 0/20 Timer 08:00
1 Play Today
% Correct
The Lord of the Rings: The Return of the King
98.2%
Sherlock Holmes
84.5%
Cars
82.9%
Madagascar
81.6%
Anchorman 2: The Legend Continues
78.1%
A Christmas Story
71.8%
Rear Window
64.1%
Chicago
62.8%
Edward Scissorhands
54.3%
Raiders of the Lost Ark
53.2%
% Correct
Fast Five
52.8%
Iron Man
51.5%
Goldfinger
47.2%
Life of Pi
46.9%
The Other Guys
46.2%
Airplane!
38.9%
Guardians of the Galaxy
38.2%
The Producers
35.8%
Rocky
30.3%
Men in Black
30%

You're not logged in!

Compare scores with friends on all Sporcle quizzes.
Sign Up with Email
OR
Log In

You Might Also Like...

Show Comments

Extras

Top Quizzes Today


Score Distribution

Your Account Isn't Verified!

In order to create a playlist on Sporcle, you need to verify the email address you used during registration. Go to your Sporcle Settings to finish the process.